00837 2200325 4500001002100000005001500021035002000036245006700056100001200123250000600135300003500141700001200176260003900188082001200227084001800239020001800257650003200275990001700307990001700324990001700341990001700358990001700375990001700392990001700409990001700426990001700443990001700460990001700477990001700494INLIS00000000000022320180919014416 a0010-09180000771 aSelayang Pandang Sumatra Utara /cPurwati; Ilustrator, Junarko0 aPurwati a- aiv, 60 hlm. :bilus. ;c21 cm.0 aJunarko aKlaten :bPT Intan Pariwara,c2008 a911.598 a911.598 PUR s a978-28-0100-2 aGeografi Historis Indonesia a00951/P/2018 a00952/P/2018 a00953/P/2018 a00948/P/2018 a00952/P/2018 a00953/P/2018 a00949/P/2018 a00948/P/2018 a00953/P/2018 a00950/P/2018 a00948/P/2018 a00949/P/2018